000 00626nam a2200205Ia 4500
003 GCL
008 140319s9999 xx 000 0 ara d
040 _aGCL /
_cGCL
082 0 4 _a001.6425
_bف د
100 1 _aلسى فريد
245 1 0 _aدليل استعمال النظام Net Ware /
_cلسى فريد
700 1 _aفرانك درفلر
700 1 _aمركز التعريب والبرمجة
260 _a[S.N] :
_bالدار العربية للعلوم ،
_c1993
300 _a311 ص
490 _a
650 0 4 _aالحاسبات الالكترونية
650 0 4 _aبرنامج NET WARE
942 _2ddc
_cBK
999 _c44870
_d44870